| 000 | 01466cam a22004335a 4500 | ||
|---|---|---|---|
| 001 | 30007 | ||
| 005 | 20230410121208.0 | ||
| 008 | 060818s2006 enka b 001 0 eng | ||
| 035 | _a14506461 | ||
| 925 | 0 |
_aacquire _b2 shelf copies _xpolicy default |
|
| 942 |
_2lcc _cbk |
||
| 010 | _a2006297069 | ||
| 040 |
_aUKM _cUKM _dBAKER _dBWKUK _dDLC |
||
| 015 |
_aGBA604207 _2bnb |
||
| 016 | 7 |
_a013354554 _2Uk |
|
| 020 | _a052185833X (hbk.) | ||
| 020 | _a0521675030 (pbk.) | ||
| 024 | 3 | _a9780521858335 | |
| 024 | 3 | _a9780521675031 | |
| 035 | _a(OCoLC)ocm62532894 | ||
| 042 | _alccopycat | ||
| 050 | 1 | 4 |
_aJZ 4034 _bT327 2006 |
| 082 | 0 | 4 |
_a303.6 _222 |
| 245 | 0 | 0 |
_aTerritoriality and conflict in an era of globalization / _cedited by Miles Kahler and Barbara F. Walter. |
| 260 |
_aCambridge, UK ; _aNew York : _bCambridge University Press, _c2006. |
||
| 300 |
_axii, 340 p. : _bill. ; _c24 cm. |
||
| 504 | _aIncludes bibliographical references (p. 297-333) and index. | ||
| 650 | 0 | _aSovereignty. | |
| 650 | 0 | _aHuman territoriality. | |
| 650 | 0 | _aSocial conflict. | |
| 650 | 0 | _aViolence. | |
| 650 | 0 | _aGlobalization. | |
| 650 | 0 | _aTerritory, National. | |
| 650 | 0 | _aBoundaries. | |
| 700 | 1 |
_aKahler, Miles, _d1949- |
|
| 700 | 1 | _aWalter, Barbara F. | |
| 856 | 4 | 2 |
_3Publisher description _uhttp://www.loc.gov/catdir/enhancements/fy0665/2006297069-d.html |
| 856 | 4 | 1 |
_3Table of contents only _uhttp://www.loc.gov/catdir/enhancements/fy0665/2006297069-t.html |
| 999 |
_c59852 _d59852 |
||